Tribunal de Contas do Estado do Tocantins : (Record no. 1575)

MARC details
000 -LÍDER
Campo Fixo de Controle 00838nam a2200205 a 4500
001 - NÚMERO DE CONTROLE
Campo de Controle 1575
003 - IDENTIFICAÇÃO DO NÚMERO DE CONTROLE
Campo de Controle BR-CuiBMT
005 - DATA E HORA DA ÚLTIMA ATUALIZAÇÃO
Campo de Controle 20231215224837.0
008 - DADOS FIXOS
Dados Fixos 231214s2019 toba 000 0 por d
040 ## - AGÊNCIA CATALOGADORA
Código da Agência Catalogadora BR-CuiBMT
Agência que transcreveu o registro BR-CuiBMT
080 ## - Nº DA CLASSIFICAÇÃO DECIMAL UNIVERSAL
Nº edição CDU 2007
Nº Class. CDU 351.94:336.148
Subd. Auxiliar Comum (811.7)
090 ## - NÚMERO DE CHAMADA
Nº classificação 351.94:336.148(811.7)
Cutter T631t
110 1# - ENTRADA PRINCIPAL -- ENTIDADE
Nome da entidade ou lugar Tocantins.
Unidade subordinada Tribunal de Contas.
245 10 - TÍTULO PRINCIPAL
Título principal Tribunal de Contas do Estado do Tocantins :
Subtítulo 1989-2019 : 30 anos de uma história que aponta para o futuro /
Indicação de responsabilidade Tribunal de Contas do Estado do Tocantins ; textos e edição Marcelo Santos Cardoso ; supervisão Lauri Meyer ; revisão Márcia Barbosa.
260 ## - PUBLICAÇÃO, DISTRIBUIÇÃO, ETC.
Local de publicação Palmas :
Editora TCE-TO,
Data 2019.
300 ## - DESCRIÇÃO FÍSICA
N. páginas ou volumes 143 p. :
Ilustrações il. color. ;
Dimensões 28 cm
610 1# - ASSUNTO -- ENTIDADE
Nome da Entidade ou lugar Tocantins.
Unidade subordinada Tribunal de Contas
Subdivisão geral Controle externo
650 ## - ASSUNTO TÓPICO
Cabeçalho tópico ou nome geográfico Tribunais de contas
Subdivisão de forma História
942 ## - ELEMENTOS DE ENTRADA ADICIONAIS (KOHA)
Fonte de classificação ou esquema de arquivamento Classificação Decimal Universal
Tipo de item do Koha Livros
Holdings
Estado: removido Estado: perdido Fonte de classificação ou esquema de arquivamento Estado: danificado Indisponível para empréstimo Localização permanente Localização atual Data de aquisição Total Checkouts Número de Chamada completo Código de barras Date last seen Número do exemplar Preço efetivo a partir de Tipo de item (Koha)
    Classificação Decimal Universal     Biblioteca da Escola Superior de Contas do TCE/MT Biblioteca da Escola Superior de Contas do TCE/MT 15/12/2023   351.94:336.148(811.7) T631t BIBTCEMT23120617 15/12/2023 Ex. 1 15/12/2023 Livros

Powered by Koha